[Event "IECC TH-M email"]
[Site "IECC email"]
[Date "2003.03.03"]
[Round "?"]
[White "Meyer, David A"]
[Black "Picchiottino, Jean Pierre"]
[Result "0-1"]
[WhiteElo "1023"]
[BlackElo "1349"]
[PlyCount "29"]
[EventDate "2003.??.??"]
[EventType "match (corr)"]
[EventRounds "2"]
[SourceTitle "Corr 2008"]
[Source "ChessBase"]
[SourceDate "2008.06.24"]
[SourceVersion "1"]
[SourceVersionDate "2008.06.24"]
[SourceQuality "1"]

1. e4 e5 2. Nf3 Nc6 3. Bb5 a6 4. a4 axb5 5. c3 d6 6. d4 Nf6 7. 0-0 Nxe4 8. Re1 Bf5 9. g4 Bg6 10. d5 Ne7 11. b4 Ng8 12. c4 bxc4 13. a5 Ngf6 14. Qa4+ Qd7 15. Qxd7+ 0-1

[Event "IECC TH-M email"]
[Site "IECC email"]
[Date "2003.03.03"]
[Round "?"]
[White "Picchiottino, Jean Pierre"]
[Black "Meyer, David A"]
[Result "1-0"]
[WhiteElo "1354"]
[BlackElo "1018"]
[PlyCount "28"]
[EventDate "2003.??.??"]
[EventType "match (corr)"]
[EventRounds "2"]
[SourceTitle "Corr 2008"]
[Source "ChessBase"]
[SourceDate "2008.06.24"]
[SourceVersion "1"]
[SourceVersionDate "2008.06.24"]
[SourceQuality "1"]

1. e4 e5 2. Nf3 Nc6 3. Bb5 a6 4. Ba4 Nf6 5. 0-0 Be7 6. Re1 b5 7. Bb3 d6 8. c3 0-0 9. h3 Bb7 10. d4 Re8 11. Nbd2 Bf8 12. a4 Qd7 13. axb5 axb5 14. Rxa8 Rxa8 1-0

[Event "IECC TH-M email"]
[Site "IECC email"]
[Date "2002.06.24"]
[Round "?"]
[White "Landowski, Wieslaw"]
[Black "Meyer, David A"]
[Result "1-0"]
[WhiteElo "1288"]
[BlackElo "1071"]
[PlyCount "33"]
[EventDate "2002.??.??"]
[EventType "match (corr)"]
[EventRounds "2"]
[SourceTitle "Corr 2008"]
[Source "ChessBase"]
[SourceDate "2008.06.24"]
[SourceVersion "1"]
[SourceVersionDate "2008.06.24"]
[SourceQuality "1"]

1. d4 f5 2. c4 Nf6 3. g3 g6 4. Bg2 Bg7 5. Qb3 Nc6 6. Nf3 Ne4 7. 0-0 Nxd4 8. Nxd4 Bxd4 9. Bxe4 fxe4 10. Be3 c5 11. Nd2 Qb6 12. Bxd4 Qd6 13. Bxh8 Qxd2 14. Qe3 Qxe3 15. fxe3 d6 16. Rf4 e5 17. Rf2 1-0

[Event "IECC M email"]
[Site "IECC email"]
[Date "2001.09.27"]
[Round "?"]
[White "Meyer, David A"]
[Black "Laliga, Jose Olivier"]
[Result "1/2-1/2"]
[WhiteElo "1100"]
[BlackElo "1116"]
[PlyCount "30"]
[EventDate "2001.??.??"]
[EventType "tourn (corr)"]
[EventRounds "6"]
[SourceTitle "Corr 2008"]
[Source "ChessBase"]
[SourceDate "2008.06.24"]
[SourceVersion "1"]
[SourceVersionDate "2008.06.24"]
[SourceQuality "1"]

1. e4 e5 2. Nf3 Nf6 3. Nxe5 d6 4. Nf3 Nxe4 5. d4 d5 6. Bd3 Bd6 7. 0-0 0-0 8. Nc3 Nxc3 9. bxc3 c5 10. c4 dxc4 11. Bxc4 cxd4 12. Qxd4 Nc6 13. Qc3 Qa5 14. Qxa5 Nxa5 15. Bd5 Bf5 1/2-1/2

[Event "IECC TH-M email"]
[Site "IECC email"]
[Date "1999.08.22"]
[Round "?"]
[White "Meyer, David A"]
[Black "Woodhouse, David JF"]
[Result "0-1"]
[WhiteElo "1075"]
[BlackElo "1544"]
[PlyCount "30"]
[EventDate "1999.??.??"]
[EventType "match (corr)"]
[EventRounds "2"]
[SourceTitle "Corr 2008"]
[Source "ChessBase"]
[SourceDate "2008.06.24"]
[SourceVersion "1"]
[SourceVersionDate "2008.06.24"]
[SourceQuality "1"]

1. e4 e5 2. Nf3 Nf6 3. Nxe5 d6 4. Nxf7 Kxf7 5. d4 g6 6. Nc3 Qe8 7. Bd3 Bg7 8. 0-0 Rf8 9. Qe2 Kg8 10. e5 dxe5 11. dxe5 Nfd7 12. Nd5 Qxe5 13. Qxe5 Bxe5 14. Nxc7 Bxc7 15. b3 Be5 0-1

[Event "IECC TH-M email"]
[Site "IECC email"]
[Date "1999.08.22"]
[Round "?"]
[White "Woodhouse, David JF"]
[Black "Meyer, David A"]
[Result "1-0"]
[WhiteElo "1542"]
[BlackElo "1077"]
[PlyCount "29"]
[EventDate "1999.??.??"]
[EventType "match (corr)"]
[EventRounds "2"]
[SourceTitle "Corr 2008"]
[Source "ChessBase"]
[SourceDate "2008.06.24"]
[SourceVersion "1"]
[SourceVersionDate "2008.06.24"]
[SourceQuality "1"]

1. e4 e5 2. Nf3 Nf6 3. Nxe5 d6 4. Nxf7 Kxf7 5. d4 c5 6. dxc5 Nc6 7. Bc4+ Be6 8. Bxe6+ Kxe6 9. 0-0 dxc5 10. Qe2 Bd6 11. f4 Re8 12. Qc4+ Ke7 13. e5 Bxe5 14. fxe5 Nxe5 15. Qxc5+ 1-0

[Event "IECC TH-M email"]
[Site "IECC email"]
[Date "1999.08.13"]
[Round "?"]
[White "Jasinski, Jim"]
[Black "Meyer, David A"]
[Result "1-0"]
[WhiteElo "1256"]
[BlackElo "1085"]
[PlyCount "31"]
[EventDate "1999.??.??"]
[EventType "match (corr)"]
[EventRounds "2"]
[SourceTitle "Corr 2008"]
[Source "ChessBase"]
[SourceDate "2008.06.24"]
[SourceVersion "1"]
[SourceVersionDate "2008.06.24"]
[SourceQuality "1"]

1. d4 f5 2. c4 Nf6 3. g3 g6 4. Bg2 Bg7 5. Nc3 0-0 6. Nh3 d6 7. d5 Qe8 8. Qc2 e5 9. dxe6 Nc6 10. Nb5 Nb4 11. Qb3 Na6 12. Nf4 Nc5 13. Qe3 Ng4 14. Qa3 Qe7 15. Nd5 Qxe6 16. Nbxc7 1-0

[Event "IECC Quad email"]
[Site "IECC email"]
[Date "1999.02.14"]
[Round "?"]
[White "Howie, Andrew"]
[Black "Meyer, David A"]
[Result "1-0"]
[WhiteElo "969"]
[BlackElo "1054"]
[PlyCount "75"]
[EventDate "1999.??.??"]
[EventType "tourn (corr)"]
[EventRounds "6"]
[SourceTitle "Corr 2008"]
[Source "ChessBase"]
[SourceDate "2008.06.24"]
[SourceVersion "1"]
[SourceVersionDate "2008.06.24"]
[SourceQuality "1"]

1. e4 g6 2. d4 Bg7 3. Nf3 d6 4. c3 Nf6 5. Qb3 0-0 6. Bd3 c6 7. 0-0 Nbd7 8. e5 dxe5 9. dxe5 Nc5 10. Qc2 Qxd3 11. Qxd3 Nxd3 12. exf6 Bxf6 13. Nbd2 Nxc1 14. Raxc1 b5 15. Ne4 Bf5 16. Nxf6+ exf6 17. Nd4 Bd3 18. Rfe1 c5 19. Nc6 c4 20. Re7 a5 21. Rb7 b4 22. cxb4 Be4 23. Rxc4 Bxc6 24. Rxc6 axb4 25. Rxb4 Rxa2 26. h3 h5 27. Rxf6 g5 28. h4 g4 29. Rb5 Kg7 30. Rff5 Re8 31. Rxh5 Re1+ 32. Kh2 f6 33. Kg3 Ra4 34. Rb7+ Kg6 35. Rh8 Re5 36. Rg8+ Kf5 37. h5 Ra1 38. h6 1-0

[Event "IECC Quad email"]
[Site "IECC email"]
[Date "1999.02.14"]
[Round "?"]
[White "Meyer, David A"]
[Black "Howie, Andrew"]
[Result "1-0"]
[WhiteElo "1000"]
[BlackElo "1002"]
[PlyCount "43"]
[EventDate "1999.??.??"]
[EventType "tourn (corr)"]
[EventRounds "6"]
[SourceTitle "Corr 2008"]
[Source "ChessBase"]
[SourceDate "2008.06.24"]
[SourceVersion "1"]
[SourceVersionDate "2008.06.24"]
[SourceQuality "1"]

1. e4 c5 2. Nf3 Nc6 3. d4 cxd4 4. Nxd4 g6 5. Nc3 Bg7 6. Be3 Nf6 7. Bc4 0-0 8. Bb3 d6 9. 0-0 Nxd4 10. Qxd4 Ng4 11. e5 Bxe5 12. Qc4 Be6 13. Qe4 Nxh2 14. Rfd1 Qc8 15. Bf4 Bg4 16. Nd5 Re8 17. Bxh2 Bxb2 18. Qxe7 Bxd1 19. Nf6+ Kg7 20. Qxf7+ Kh6 21. Bf4+ g5 22. Qxh7# 1-0

[Event "IECC Quad email"]
[Site "IECC email"]
[Date "1999.02.14"]
[Round "?"]
[White "Meyer, David A"]
[Black "Mottershead, Richard"]
[Result "1-0"]
[WhiteElo "1043"]
[BlackElo "1180"]
[PlyCount "63"]
[EventDate "1999.??.??"]
[EventType "tourn (corr)"]
[EventRounds "6"]
[SourceTitle "Corr 2008"]
[Source "ChessBase"]
[SourceDate "2008.06.24"]
[SourceVersion "1"]
[SourceVersionDate "2008.06.24"]
[SourceQuality "1"]

1. e4 c5 2. Nf3 e6 3. d4 cxd4 4. Nxd4 Nf6 5. Nc3 Be7 6. Be2 d6 7. 0-0 0-0 8. Bg5 e5 9. Nf5 Bxf5 10. exf5 a6 11. Bxf6 Bxf6 12. Bf3 Nc6 13. Be4 Rc8 14. Nd5 Be7 15. Qd3 f6 16. Qb3 Kh8 17. Qxb7 Qa5 18. Nxe7 Rc7 19. Nxc6 Rxb7 20. Nxa5 Rxb2 21. Rfd1 Rfb8 22. c4 h6 23. Rxd6 Kh7 24. Rxa6 Re2 25. Bf3 Reb2 26. g3 Rc2 27. Nc6 Rbb2 28. Ne7 Rxf2 29. Bh5 Rg2+ 30. Kf1 Rgf2+ 31. Ke1 Rxh2 32. Bg6+ 1-0

[Event "IECC Quad email"]
[Site "IECC email"]
[Date "1999.02.14"]
[Round "?"]
[White "Mottershead, Richard"]
[Black "Meyer, David A"]
[Result "1-0"]
[WhiteElo "1158"]
[BlackElo "1065"]
[PlyCount "63"]
[EventDate "1999.??.??"]
[EventType "tourn (corr)"]
[EventRounds "6"]
[SourceTitle "Corr 2008"]
[Source "ChessBase"]
[SourceDate "2008.06.24"]
[SourceVersion "1"]
[SourceVersionDate "2008.06.24"]
[SourceQuality "1"]

1. e4 e5 2. Nf3 Nc6 3. Bc4 Bc5 4. c3 Qe7 5. 0-0 d6 6. d4 Be6 7. Bxe6 fxe6 8. dxc5 0-0-0 9. cxd6 Rxd6 10. Qe2 h6 11. Rd1 Nf6 12. Rxd6 Qxd6 13. Nbd2 g5 14. Nc4 Qc5 15. b4 Qf8 16. b5 g4 17. bxc6 gxf3 18. cxb7+ Kb8 19. Qxf3 Kxb7 20. Rb1+ Kc8 21. Nxe5 h5 22. Ng6 Qg7 23. Nxh8 Qxh8 24. h3 h4 25. Be3 e5 26. Bxa7 Nd7 27. Qg4 c5 28. Rb8+ Kc7 29. Rxh8 Kc6 30. Qg8 c4 31. Qc8+ Kd6 32. Rh6+ 1-0

[Event "IECC TH-M email"]
[Site "IECC email"]
[Date "1999.02.07"]
[Round "?"]
[White "Meyer, David A"]
[Black "Baier, Andreas"]
[Result "0-1"]
[WhiteElo "1016"]
[BlackElo "1372"]
[PlyCount "62"]
[EventDate "1999.??.??"]
[EventType "match (corr)"]
[EventRounds "2"]
[SourceTitle "Corr 2008"]
[Source "ChessBase"]
[SourceDate "2008.06.24"]
[SourceVersion "1"]
[SourceVersionDate "2008.06.24"]
[SourceQuality "1"]

1. d4 Nf6 2. c4 g6 3. Nc3 Bg7 4. e4 d6 5. Nf3 0-0 6. Be3 e5 7. dxe5 dxe5 8. Qxd8 Rxd8 9. Nxe5 Nxe4 10. Nxe4 Bxe5 11. Rb1 Bf5 12. f3 Nc6 13. g4 Bxe4 14. fxe4 Nb4 15. a3 Nc2+ 16. Kf2 Nxe3 17. Kxe3 g5 18. b4 Bf4+ 19. Kf3 Rd2 20. h4 Rad8 21. hxg5 Bxg5 22. c5 Ra2 23. Rb3 Rdd2 24. Bc4 Rf2+ 25. Kg3 Rg2+ 26. Kh3 Bf4 27. g5 Raf2 28. Bd5 Rxg5 29. Kh4 c6 30. Bc4 Rg6 31. Rbh3 Rfg2 0-1

[Event "IECC Trio 683 email"]
[Site "IECC email"]
[Date "1999.02.03"]
[Round "?"]
[White "Meyer, David A"]
[Black "Massey, Alan"]
[Result "0-1"]
[WhiteElo "1041"]
[BlackElo "1000"]
[PlyCount "66"]
[EventDate "1999.??.??"]
[EventType "tourn (corr)"]
[EventRounds "4"]
[SourceTitle "Corr 2008"]
[Source "ChessBase"]
[SourceDate "2008.06.24"]
[SourceVersion "1"]
[SourceVersionDate "2008.06.24"]
[SourceQuality "1"]

1. e4 e6 2. d4 d5 3. Nc3 Bb4 4. e5 c5 5. Qg4 g6 6. Nf3 Nc6 7. Bb5 Bd7 8. Bg5 f6 9. exf6 Nxf6 10. 0-0 Nxg4 11. Bxd8 Rxd8 12. dxc5 Bxc5 13. Rae1 0-0 14. Nd1 a6 15. Bxc6 bxc6 16. h3 Nf6 17. Nc3 Bb4 18. Ne5 Be8 19. f4 Ne4 20. Nxc6 Bxc6 21. a3 Bxc3 22. bxc3 Bb5 23. Rf3 Rf6 24. Rfe3 Rxf4 25. g3 Rf6 26. g4 Rdf8 27. Rxe4 dxe4 28. Rxe4 Rf1+ 29. Kh2 R1f2+ 30. Kg3 Rxc2 31. Rxe6 Rxc3+ 32. Kh4 Rff3 33. Kg5 Rc5+ 0-1